000 00669nam a2200193 a 4500
001 000001241
005 20200929145522.0
008 911205s1986 ve 000 p spa
040 _aDO-SdBNP
_cDLC
082 _aVe861.44
_bD352t
100 1 _aDelgado Arria, Luis.
_94229
245 1 0 _aTarea de resaca /
_cLuis Delgado Arria.
260 _aCaracas, Venezuela :
_bFundación Centro de Estudios Latinoamericanos Rómulo Gallegos,
_c1986.
300 _a55 p. ;
_c19 cm.
586 _a"Premio Fernando Paz Castillo, Mención poesía, Caracas 1986."
650 4 _aPoesía venezolana
_94230
650 4 _aLiteratura venezolana
_93816
910 _aCatalogación por copia / LC
999 _c1187
_d1187